Elements of power system analysis (Record no. 3209)

000 -LEADER
fixed length control field 00596nam a2200217 a 4500
001 - CONTROL NUMBER
control field 3209
003 - CONTROL NUMBER IDENTIFIER
control field BD-DhUET
008 - FIXED-LENGTH DATA ELEMENTS--GENERAL INFORMATION
fixed length control field 810331s1982 nyua 001 0 eng
020 ## - INTERNATIONAL STANDARD BOOK NUMBER
International Standard Book Number 0070612781
020 ## - INTERNATIONAL STANDARD BOOK NUMBER
International Standard Book Number 007061279X
040 ## - CATALOGING SOURCE
Original cataloging agency DLC
Transcribing agency DLC
Modifying agency BD-DhUET
082 00 - DEWEY DECIMAL CLASSIFICATION NUMBER
Classification number 623.12
Item number STE/1982
100 1# - MAIN ENTRY--PERSONAL NAME
Personal name Stevenson, William D.
245 10 - TITLE STATEMENT
Title Elements of power system analysis
250 ## - EDITION STATEMENT
Edition statement 4th ed.
260 ## - PUBLICATION, DISTRIBUTION, ETC. (IMPRINT)
Place of publication, distribution, etc. New York
Name of publisher, distributor, etc. McGraw-Hill
Date of publication, distribution, etc. 1982
300 ## - PHYSICAL DESCRIPTION
Extent xii, 436 p.
Other physical details ill.
Dimensions 25 cm.
490 ## - SERIES STATEMENT
Series statement McGRAW-HILL series in electrical engineering
650 #0 - SUBJECT ADDED ENTRY--TOPICAL TERM
Topical term or geographic name as entry element Electric power system stability
942 ## - ADDED ENTRY ELEMENTS (KOHA)
Koha item type General Book
Holdings
Location (home branch) Lost status Koha renewals Withdrawn status Not for loan Piece designation (barcode) Sublocation or collection (holding branch) Koha date last seen Copy number Koha date last borrowed Koha full call number Koha issues (times borrowed) Damaged status Koha normalized classification for sorting Price effective from Date acquired Koha item type Shelving location Source of classification or shelving scheme
Central Library, BUET    110313Central Library, BUET2021-09-2712021-09-27623.12/STE/198252 623_120000000000000_STE_19822014-10-222014-10-22General BookCirculation section 
Central Library, BUET    69178Central Library, BUET2015-02-102 623.12/STE/1982  623_120000000000000_STE_19822015-02-102015-02-10General BookCirculation section 
Central Library, BUET 2  78208 Central Library, BUET2021-08-3132021-08-31623.12/STE/198222 623_120000000000000_STE_19822015-02-112015-02-11General BookCirculation section 
Central Library, BUET    67386Central Library, BUET2015-06-244 623.12/STE/1982  623_120000000000000_STE_19822015-06-242015-06-24Reading ItemReading section 
Central Library, BUET    67384Central Library, BUET2015-06-245 623.12/STE/1982  623_120000000000000_STE_19822015-06-242015-06-24Reading ItemReading section 
Central Library, BUET    67385Central Library, BUET2015-06-246 623.12/STE/1982  623_120000000000000_STE_19822015-06-242015-06-24Reading ItemReading section 
Central Library, BUET    63905Central Library, BUET2015-06-247 623.12/STE/1982  623_120000000000000_STE_19822015-06-242015-06-24Reading ItemReading section 
Central Library, BUET    63906Central Library, BUET2015-06-258 623.12/STE/1982  623_120000000000000_STE_19822015-06-252015-06-25Reading ItemReading section 
Central Library, BUET    63907Central Library, BUET2015-06-259 623.12/STE/1982  623_120000000000000_STE_19822015-06-252015-06-25Reading ItemReading section 
Central Library, BUET    63908Central Library, BUET2015-06-2810 623.12/STE/1982  623_120000000000000_STE_19822015-06-282015-06-28Reading ItemReading section